Naval and military geography of the British empire (Record no. 552315)
[ view plain ]
| 000 -LEADER | |
|---|---|
| fixed length control field | 00611nam a2200145 4500 |
| 082 ## - DEWEY DECIMAL CLASSIFICATION NUMBER | |
| Classification number | 355.4742 |
| Author Mark | COR |
| -- | D |
| 100 1# - MAIN ENTRY--PERSONAL NAME | |
| Personal name | Cornish, Vaughan, |
| 9 (RLIN) | 49537 |
| 245 10 - TITLE STATEMENT | |
| Title | Naval and military geography of the British empire |
| Statement of responsibility, etc. | (considered in relation to the war with Germany) Lectures given during 1914-16 to officers of the navy and army, by Vaughan Cornish. |
| 260 ## - PUBLICATION, DISTRIBUTION, ETC. | |
| Place of publication, distribution, etc. | London, |
| Name of publisher, distributor, etc. | H. Rees, ltd., |
| Date of publication, distribution, etc. | 1916. |
| 300 ## - PHYSICAL DESCRIPTION | |
| Extent | vi, [2], 140 p. |
| Other physical details | incl. plates, maps. 6 fold. maps. |
| Dimensions | 22 cm. |
| 526 ## - STUDY PROGRAM INFORMATION NOTE | |
| Program name | 0 |
| Interest level | 0 |
| Reading level | 0 |
| Title point value | 355_474200000000000_COR |
| 650 #0 - SUBJECT ADDED ENTRY--TOPICAL TERM | |
| Topical term or geographic name entry element | MCE |
| 9 (RLIN) | 379 |
| 650 #0 - SUBJECT ADDED ENTRY--TOPICAL TERM | |
| Topical term or geographic name entry element | Military geography |
| Geographic subdivision | Great Britain. |
| 9 (RLIN) | 49538 |
| 942 ## - ADDED ENTRY ELEMENTS (KOHA) | |
| Source of classification or shelving scheme | |
| Koha item type | Book |
| Withdrawn status | Lost status | Source of classification or shelving scheme | Damaged status | Not for loan | Permanent Location | Current Location | Shelving location | Date acquired | Total Checkouts | Full call number | Barcode | Date last seen | Price effective from | Koha item type |
|---|---|---|---|---|---|---|---|---|---|---|---|---|---|---|
| Military College of Engineering (MCE) | Military College of Engineering (MCE) | 01/13/2015 | 355.4742 COR | MCE-ECN/11 | 01/13/2015 | 01/13/2015 | Book |
